Clean Water Report : The complete business resource for water professionals /

Na minha lista:
Detalhes bibliográficos
Autor Corporativo: Business Publishers Inc.
Formato: Periódico
Idioma:English
Publicado em: Maryland : Business Publishers Inc., 19-
Tags: Adicionar Tag
Sem tags, seja o primeiro a adicionar uma tag!
Thư viện lưu trữ: Thư viện Trường Đại học Đà Lạt
LEADER 00613nam a2200229 4500
001 DLU030025192
022 # # |a 0009-8620 
040 # # |a DLU  |b vie 
041 # # |a eng 
245 # # |a Clean Water Report :  |b The complete business resource for water professionals /  |c Business Publishers Inc. 
260 # # |a Maryland :  |b Business Publishers Inc.,  |c 19- 
300 # # |a v.;  |c 28cm 
310 # # |a 25 times a year 
710 # # |a Business Publishers Inc. 
994 # # |a DLU 
900 # # |a True 
911 # # |a Lê Thị Mạnh Xuân 
925 # # |a G 
926 # # |a A 
927 # # |a TT 
980 # # |a Thư viện Trường Đại học Đà Lạt